| 000 | 00484nam a22001817a 4500 | ||
|---|---|---|---|
| 005 | 20251223125825.0 | ||
| 008 | 251223b |||||||| |||| 00| 0 eng d | ||
| 020 | _a9783640479139 | ||
| 040 | _aMAIN | ||
| 041 | _aGerman | ||
| 082 |
_a830.914 _bHEI |
||
| 100 |
_aHeinemann, Anna Maria _925865 |
||
| 245 | _aFremderfahrung und Selbstreflexion in Zunge zeigen von Gunter Grass | ||
| 260 |
_aGermany _bGrin Verlag _c2006 |
||
| 300 | _a28 | ||
| 650 | _aGerman Language | ||
| 942 | _cBK | ||
| 999 |
_c59900 _d59900 |
||